[Event "Let's Play Chess!"]
[Site "http://www.queenalice.com/game.php?id=482791"]
[Date "2008.10.25"]
[Round "-"]
[White "lifelessons"]
[Black "tnarg"]
[Result "0-1"]
[WhiteElo "1707"]
[BlackElo "1885"]

1. Nf3 d5 2. g3 Nf6 3. Bg2 Bg4 4. O-O e6 5. Ne1 Bc5 6. d4 Bb6 7. f3 Bf5 8. c3
O-O 9. b4 Nbd7 10. a4 a5 11. b5 c5 12. dxc5 Bxc5+ 13. Kh1 b6 14. Nd3 h6 15. Nxc5
Nxc5 16. Nd2 Qd6 17. Ba3 Rac8 18. Rc1 Rfd8 19. Nb3 Nfd7 20. e4 Bg6 21. c4 Qe5
22. f4 Qf6 23. Nxc5 Nxc5 24. e5 Qf5 25. cxd5 Nd3 26. Rxc8 Rxc8 27. d6 Nb4 28. d7
Rd8 29. Bxb4 axb4 30. Bc6 f6 31. Re1 Bh5 32. Qb3 fxe5 0-1

[Event "Let's Play Chess!"]
[Site "http://www.queenalice.com/game.php?id=482792"]
[Date "2008.10.25"]
[Round "-"]
[White "lifelessons"]
[Black "tnarg"]
[Result "0-1"]
[WhiteElo "1723"]
[BlackElo "1856"]

1. d4 d5 2. Nf3 Nc6 3. Bf4 Bg4 4. c3 Bxf3 5. exf3 Nf6 6. Bb5 e6 7. Qa4 Be7 8.
Bxc6+ bxc6 9. Qxc6+ Nd7 10. Qxc7 O-O 11. O-O Nf6 12. Qxd8 Rfxd8 13. a4 a5 14.
Na3 Bxa3 15. Rxa3 Nh5 16. Bc1 Rdb8 17. Re1 h6 18. g4 Nf6 19. Re2 h5 20. g5 Ne8
21. h4 Nd6 22. g6 Re8 23. gxf7+ Kxf7 24. b3 Nf5 25. Bg5 g6 26. Ra1 Rab8 27. Rb1
Rec8 28. Rc2 Nxd4 29. Bf4 Nxc2 30. Bxb8 Rxb8 31. Kf1 Rc8 32. c4 dxc4 0-1

[Event "Challenge"]
[Site "http://www.queenalice.com/game.php?id=483339"]
[Date "2008.10.26"]
[Round "-"]
[White "heidy"]
[Black "tnarg"]
[Result "1-0"]
[WhiteElo "2083"]
[BlackElo "1794"]

1. e4 e5 2. Nf3 Nc6 3. Bb5 Bc5 4. O-O Nd4 5. b4 Bxb4 6. Nxd4 exd4 7. Qg4 g6 8.
Bb2 c6 9. Bxd4 Nf6 10. Qf3 Be7 11. Bc4 O-O 12. Nc3 d6 13. h3 Be6 14. Bb3 c5 15.
Bxf6 Bxf6 16. Bxe6 fxe6 17. Qd3 a6 18. a4 Qd7 19. Rab1 Bxc3 20. Qxc3 b5 21. axb5
axb5 22. e5 d5 23. Qxc5 Rac8 24. Qxb5 Qxb5 25. Rxb5 Rxc2 26. Rb6 Kf7 27. Ra1
Rxd2 28. Ra7+ Kg8 29. f3 Rf7 30. Raa6 d4 31. Rxe6 d3 32. Red6 Re7 33. Ra3 Rxe5
34. Raxd3 Rxd3 35. Rxd3 Kg7 36. Kf2 Kf6 37. g4 h5 38. Rd6+ Kg5 39. gxh5 Kxh5 40.
Kg3 Rg5+ 41. Kf4 Rf5+ 42. Ke4 Kg5 43. Rd1 Rf4+ 44. Ke3 Rh4 45. Rg1+ Kf5 46. Rg3
Ra4 47. Rg4 Ra3+ 48. Kf2 Ra2+ 49. Kg3 Ra1 50. Rf4+ Kg5 51. Rg4+ Kf5 52. Rb4 Rg1+
53. Kf2 Rg5 54. Rb5+ Kf4 55. Rb4+ Kf5 56. h4 Rh5 57. Rb5+ Kf4 58. Rxh5 gxh5 59.
Kg2 Ke3 60. Kg3 Ke2 61. Kf4 Kf2 62. Kg5 1-0

[Event "AUTO-OPEN-1317"]
[Site "http://www.queenalice.com/game.php?id=484142"]
[Date "2008.10.28"]
[Round "1"]
[White "tnarg"]
[Black "Justiceseeker"]
[Result "0-1"]
[WhiteElo "1870"]
[BlackElo "1345"]

1. d4 e6 2. e4 Nf6 3. Nc3 Nc6 4. Bb5 a6 5. Bxc6 bxc6 6. Bg5 Be7 7. Nf3 h6 8.
Bxf6 Bxf6 9. O-O d5 10. e5 Be7 11. a3 f6 12. Qd3 O-O 13. Nh4 f5 14. Ng6 Rf7 15.
Qg3 f4 16. Nxf4 g5 17. Nce2 Qf8 18. Nh5 Rb8 19. b4 a5 20. c3 Ba6 21. Rfe1 Ra8
22. Qg4 Rxf2 23. Neg3 Qf7 24. Nf6+ Bxf6 25. Kxf2 Bxe5+ 26. Kg1 Bxg3 27. Qxg3 h5
28. Qxg5+ Kh8 29. Qh6+ Kg8 30. Rxe6 Bd3 31. Rae1 Rf8 32. Qg5+ Kh8 33. Rh6+ Bh7
34. Qxh5 Qf2+ 0-1

[Event "AUTO-OPEN-1317"]
[Site "http://www.queenalice.com/game.php?id=484171"]
[Date "2008.10.28"]
[Round "1"]
[White "art"]
[Black "tnarg"]
[Result "1-0"]
[WhiteElo "1550"]
[BlackElo "1908"]

1. e4 e5 2. Nf3 Nc6 3. Bc4 d6 4. O-O Bg4 5. c3 Nf6 6. Re1 Be7 7. d3 O-O 8. Nbd2
h6 9. b4 a6 10. a4 Bxf3 11. Nxf3 d5 12. exd5 Nxd5 13. Qb3 Nf4 14. Nxe5 Nxe5 15.
Rxe5 Bg5 16. Bxf4 Bxf4 17. Rf5 Bd6 18. Rxf7 Rxf7 19. Bxf7+ Kh8 20. Re1 Qf6 21.
Bd5 Qf4 22. g3 Qf6 23. Re6 Qf5 24. Be4 Qf7 25. Rxh6+ Kg8 26. Rh8+ 1-0

[Event "AUTO-OPEN-1317"]
[Site "http://www.queenalice.com/game.php?id=484172"]
[Date "2008.10.28"]
[Round "1"]
[White "tnarg"]
[Black "art"]
[Result "1-0"]
[WhiteElo "1840"]
[BlackElo "1597"]

1. d4 d5 2. c4 e6 3. Nf3 dxc4 4. Nc3 c6 5. a4 Bb4 6. e3 b5 7. Ne5 Qd5 8. Bd2
Bxc3 9. Bxc3 Nd7 10. Qg4 g6 11. Qf4 Nxe5 12. dxe5 Qd7 13. Qf3 Bb7 14. axb5 cxb5
15. Qg3 Ne7 16. Be2 h5 17. O-O g5 18. Bf3 g4 19. Bxb7 Qxb7 20. Bb4 h4 21. Qxg4
Rg8 22. Qh3 Nd5 23. Bd6 c3 24. bxc3 Nxc3 25. f3 Rh8 26. Qg4 Kd7 27. Ra3 Nd5 28.
Qg7 Kc6 29. Rc1+ Kb6 30. Bc5+ 1-0

[Event "Let's Play Chess!"]
[Site "http://www.queenalice.com/game.php?id=484627"]
[Date "2008.10.29"]
[Round "-"]
[White "tnarg"]
[Black "Nigo"]
[Result "1-0"]
[WhiteElo "1824"]
[BlackElo "1693"]

1. e4 e5 2. Nf3 Nc6 3. Bb5 a6 4. Bxc6 dxc6 5. Nxe5 Qd4 6. Nf3 Qxe4+ 7. Qe2 Qxe2+
8. Kxe2 Nf6 9. Re1 Be7 10. Kf1 Be6 11. Nc3 O-O-O 12. d3 Bb4 13. Bd2 Rhe8 14. a3
Bxc3 15. Bxc3 Bg4 16. Ng5 Bh5 17. Bxf6 gxf6 18. Nxh7 Rxe1+ 19. Rxe1 f5 20. Nf6
Bg6 21. f4 b5 22. b4 Rd6 23. Ne8 Re6 24. Rxe6 fxe6 25. Ng7 Kd7 26. h4 Ke7 27. h5
Kf7 28. h6 c5 29. c3 cxb4 30. axb4 c6 31. Ke2 Bh7 32. Ke3 1-0

[Event "Let's Play Chess!"]
[Site "http://www.queenalice.com/game.php?id=484630"]
[Date "2008.10.29"]
[Round "-"]
[White "Abstro"]
[Black "tnarg"]
[Result "1-0"]
[WhiteElo "1806"]
[BlackElo "1870"]

1. d4 d5 2. c4 dxc4 3. e4 e5 4. Qa4+ Bd7 5. Qxc4 Nc6 6. d5 Nd4 7. Qc3 Nf6 8. Bd3
Bd6 9. a4 O-O 10. Be3 c5 11. Ne2 Bg4 12. f3 Bh5 13. Na3 a6 14. h4 Qd7 15. Nc4
Qc7 16. Nxd6 Qxd6 17. g4 Nxf3+ 18. Kf2 Bxg4 19. Bxc5 Qd7 20. Bxf8 Rxf8 21. Bc2
Rc8 22. Qd3 Qd6 23. Kg3 h5 24. Raf1 Nd4 25. Bd1 Nxd5 26. Nxd4 exd4+ 27. Kf2 Qf4+
28. Bf3 Qg3+ 29. Kxg3 1-0

[Event "Let's Play Chess!"]
[Site "http://www.queenalice.com/game.php?id=484792"]
[Date "2008.10.29"]
[Round "-"]
[White "tnarg"]
[Black "CampbellMarcel"]
[Result "1-0"]
[WhiteElo "1500"]
[BlackElo "1839"]

1. e4 d5 2. exd5 Qxd5 3. Nc3 Qa5 4. d4 e5 5. dxe5 Qxe5+ 6. Be3 Nf6 7. Nf3 Qe7 8.
Bd3 Be6 9. O-O Nbd7 10. Qd2 Nb6 11. Bxb6 cxb6 12. Ng5 O-O-O 13. Nb5 Bc4 14. a4
h6 15. Nf3 Bxd3 16. cxd3 a6 17. Nc3 Qc5 18. Rac1 Bd6 19. Ne2 1-0

[Event "AUTO-OPEN-1319"]
[Site "http://www.queenalice.com/game.php?id=484881"]
[Date "2008.10.29"]
[Round "1"]
[White "tnarg"]
[Black "maicon17bnu"]
[Result "0-1"]
[WhiteElo "1805"]
[BlackElo "2082"]

1. e4 c5 2. f4 d5 3. e5 Nc6 4. Bb5 Bf5 5. Bxc6+ bxc6 6. d3 d4 7. Nf3 e6 8. O-O
Ne7 9. Nbd2 Nd5 10. Nc4 Be7 11. b3 O-O 12. Bd2 Kh8 13. Ng5 Nxf4 14. Nxh7 Kxh7
15. Bxf4 Rh8 16. g4 Bg6 17. Kg2 Kg8 18. Rh1 Qd5+ 19. Qf3 Rh4 20. h3 f5 21. exf6
Bxf6 22. Rae1 Rf8 23. Qxd5 cxd5 24. Ne5 Bf7 25. Nd7 Rc8 26. Nxf6+ gxf6 27. Rhf1
e5 28. Bg3 Rh6 29. h4 c4 30. g5 fxg5 31. Bxe5 Rxh4 32. Bxd4 Rxd4 33. Re5 g4 34.
Ref5 cxd3 35. cxd3 Rc2+ 36. Kg1 Rc7 37. Rg5+ Kf8 38. Rff5 Re7 0-1

[Event "AUTO-OPEN-1319"]
[Site "http://www.queenalice.com/game.php?id=484882"]
[Date "2008.10.29"]
[Round "1"]
[White "maicon17bnu"]
[Black "tnarg"]
[Result "1-0"]
[WhiteElo "1901"]
[BlackElo "1840"]

1. e4 e5 2. Nf3 Nc6 3. Bb5 d6 4. d4 Bd7 5. O-O a6 6. Ba4 Nf6 7. Re1 Be7 8. Bg5
h6 9. Bh4 Nxd4 10. Bxd7+ Qxd7 11. Nxd4 exd4 12. Qxd4 O-O 13. Nc3 Qg4 14. Bg3 Nh5
15. Nd5 Bf6 16. Qb4 b5 17. Nxc7 Ra7 18. Bxd6 Rc8 19. Qc5 Bd8 20. Qxa7 1-0

[Event "AUTO-OPEN-1319"]
[Site "http://www.queenalice.com/game.php?id=484883"]
[Date "2008.10.29"]
[Round "1"]
[White "tnarg"]
[Black "Fauquinelle"]
[Result "0-1"]
[WhiteElo "1850"]
[BlackElo "1827"]

1. e4 e5 2. Nf3 Nc6 3. Bb5 a6 4. Bxc6 dxc6 5. Nxe5 Qd4 6. Nf3 Qxe4+ 7. Qe2 Qxe2+
8. Kxe2 Bg4 9. Re1 O-O-O 10. Kf1 Bd6 11. Ng5 Bh5 12. h3 h6 13. Ne4 Nf6 14. Nbc3
Nxe4 15. Nxe4 Bb4 16. c3 Ba5 17. b4 Bb6 18. a4 Rhe8 19. d4 f5 20. Ng3 Rxe1+ 21.
Kxe1 Bg6 22. a5 Ba7 23. Bf4 Bh7 24. h4 Re8+ 25. Kf1 c5 26. dxc5 c6 27. Rd1 Bb8
28. Bd6 g5 29. Nxf5 Bxf5 30. hxg5 hxg5 31. f3 Re3 32. Rc1 Bxd6 33. cxd6 Kd7 34.
Kf2 Rd3 35. g4 Be6 36. Ke2 Bc4 37. Rd1 Rxd1+ 38. Kxd1 Kxd6 39. Kd2 Ke5 40. Ke3
Bb5 0-1

[Event "AUTO-OPEN-1319"]
[Site "http://www.queenalice.com/game.php?id=484884"]
[Date "2008.10.29"]
[Round "1"]
[White "Fauquinelle"]
[Black "tnarg"]
[Result "0-1"]
[WhiteElo "1849"]
[BlackElo "1777"]

1. d4 d5 2. c4 dxc4 3. Nf3 b5 4. Nc3 c6 5. e4 e6 6. Be2 Bb4 7. Qc2 Nf6 8. Bg5
Bxc3+ 9. bxc3 h6 10. Bh4 Nbd7 11. e5 g5 12. Nxg5 hxg5 13. Bxg5 Rg8 14. h4 Rxg5
15. hxg5 Nd5 16. Rh8+ Nf8 17. O-O-O Qxg5+ 18. Qd2 Qxd2+ 19. Kxd2 Ke7 20. Rdh1
Ng6 21. Rg8 Ndf4 22. Rh7 Nf8 23. Rhh8 N4g6 24. Rh6 a5 25. Bh5 b4 26. Rg7 b3 27.
Bxg6 Nxg6 28. Rhxg6 bxa2 0-1

[Event "AUTO-ADV-1112"]
[Site "http://www.queenalice.com/game.php?id=494298"]
[Date "2008.11.16"]
[Round "1"]
[White "Poirot"]
[Black "tnarg"]
[Result "1-0"]
[WhiteElo "1716"]
[BlackElo "1836"]

1. e4 c5 2. c3 d5 3. e5 d4 4. cxd4 e6 5. dxc5 Bxc5 6. Nf3 Nc6 7. b3 Nge7 8. Bb2
O-O 9. d4 Bb4+ 10. Nc3 Nd5 11. Rc1 b5 12. Bxb5 Bb7 13. O-O Rb8 14. Nxd5 Qxd5 15.
Qd3 Rfd8 16. a3 Be7 17. Rc2 a6 18. Bc4 Qd7 19. Bxa6 Bxa6 20. Qxa6 Rdc8 21. Rfc1
Ra8 22. Qe2 Bxa3 23. Bxa3 Rxa3 24. Qb5 Nb8 25. Rxc8+ 1-0

[Event "AUTO-ADV-1112"]
[Site "http://www.queenalice.com/game.php?id=494299"]
[Date "2008.11.16"]
[Round "1"]
[White "tnarg"]
[Black "Poirot"]
[Result "0-1"]
[WhiteElo "1863"]
[BlackElo "1671"]

1. d4 d5 2. c4 Nf6 3. Nc3 c6 4. e3 e6 5. Nf3 Be7 6. Be2 O-O 7. O-O a6 8. cxd5
cxd5 9. Ne5 Qd6 10. b3 Nc6 11. Ng4 Bd8 12. Na4 b5 13. Nc5 Nxg4 14. Bxg4 Bc7 15.
f4 e5 16. fxe5 Nxe5 17. Bxc8 Nf3+ 18. Qxf3 Qxh2+ 19. Kf2 Raxc8 20. Nxa6 Qh4+ 21.
g3 Qh2+ 22. Qg2 Bxg3+ 0-1

[Event "AUTO-ADV-1112"]
[Site "http://www.queenalice.com/game.php?id=494312"]
[Date "2008.11.16"]
[Round "1"]
[White "Lopesq"]
[Black "tnarg"]
[Result "0-1"]
[WhiteElo "1862"]
[BlackElo "1843"]

1. d4 d5 2. Nf3 Nf6 3. Bf4 e6 4. e3 Bb4+ 5. c3 Bd6 6. Bxd6 Qxd6 7. Bb5+ c6 8.
Ba4 O-O 9. Nbd2 Bd7 10. Ne5 c5 11. Nxd7 Nbxd7 12. Bxd7 Nxd7 13. Nf3 Qa6 14. h4
cxd4 15. Nxd4 Ne5 16. f3 Nd3+ 17. Kd2 Nxb2 18. Qc2 Nc4+ 19. Kc1 Nxe3 20. Qf2 Nc4
21. a4 Qa5 22. Qe1 Rac8 23. f4 Nd6 24. Rh3 Ne4 25. Kc2 Rc4 26. g4 Rfc8 27. Ra3
Rxd4 28. Qe3 Rxa4 29. Rxa4 Qxa4+ 30. Kb2 Rxc3 31. Qxc3 Nxc3 32. Rxc3 g6 33. g5
Qxf4 0-1

[Event "AUTO-ADV-1112"]
[Site "http://www.queenalice.com/game.php?id=494313"]
[Date "2008.11.16"]
[Round "1"]
[White "tnarg"]
[Black "Lopesq"]
[Result "1-0"]
[WhiteElo "1821"]
[BlackElo "1862"]

1. d4 d5 2. c4 e6 3. Nc3 c6 4. Nf3 dxc4 5. e3 b5 6. a4 Qa5 7. Bd2 b4 8. Ne4 Ba6
9. Be2 c3 10. bxc3 Bxe2 11. Qxe2 bxc3 12. Bxc3 Qd8 13. O-O h6 14. Ne5 Nf6 15.
Ng3 Be7 16. Rab1 Nd5 17. Ba1 Qc7 18. Qf3 Nf6 19. d5 cxd5 20. Nh5 O-O 21. Nxf6+
Bxf6 22. Qg3 Qe7 23. f4 a5 24. Bd4 Qe8 25. Rb7 Nc6 26. Nxc6 Bxd4 27. Nxd4 Qxa4
28. Nxe6 g6 29. Nxf8 Kxf8 30. Qh4 Re8 31. Qf6 1-0

[Event "AUTO-ADV-1112"]
[Site "http://www.queenalice.com/game.php?id=494322"]
[Date "2008.11.16"]
[Round "1"]
[White "tnarg"]
[Black "dante72"]
[Result "1-0"]
[WhiteElo "1790"]
[BlackElo "1763"]

1. d4 d5 2. c4 c6 3. e3 e6 4. Nc3 Bb4 5. Bd2 f5 6. a3 Bd6 7. Nf3 Nf6 8. c5 Bc7
9. g3 O-O 10. Bg2 Bd7 11. O-O Be8 12. Ng5 Qe7 13. f4 Nbd7 14. b4 h6 15. Nf3 Ne4
16. Nxe4 fxe4 17. Ne5 Nxe5 18. dxe5 Qf7 19. Bh3 Qg6 20. Qg4 Qxg4 21. Bxg4 Bf7
22. a4 a6 23. Be2 Bg6 24. b5 axb5 25. axb5 Be8 26. Rxa8 Bf7 27. Rxf8+ Kxf8 28.
Ra1 Ke8 29. b6 Bd8 30. Ra8 Kd7 31. Rb8 g6 32. Rxb7+ Ke8 33. Ra7 g5 34. Ra8 Kd7
35. b7 Bc7 36. Ba5 Bxa5 37. b8=Q h5 38. Qd6# 1-0

[Event "AUTO-ADV-1112"]
[Site "http://www.queenalice.com/game.php?id=494323"]
[Date "2008.11.16"]
[Round "1"]
[White "dante72"]
[Black "tnarg"]
[Result "1-0"]
[WhiteElo "1748"]
[BlackElo "1814"]

1. d4 b6 2. e3 Bb7 3. f4 Nf6 4. Nc3 d5 5. Nf3 Nc6 6. Bb5 e6 7. a3 a6 8. Bxc6+
Bxc6 9. O-O Bb7 10. Bd2 c5 11. Be1 Bd6 12. h4 cxd4 13. Nxd4 Ng4 14. Qxg4 O-O 15.
Rf3 e5 16. fxe5 Bxe5 17. h5 h6 18. Bh4 Bc8 19. Nf5 Bxf5 20. Qxf5 Qxh4 21. Qxe5
d4 22. exd4 Rae8 23. Qd5 Re1+ 24. Rxe1 Qxe1+ 25. Rf1 Qe3+ 26. Kh1 1-0